| 000 | 00797nam a22002537a 4500 | ||
|---|---|---|---|
| 005 | 20170124110230.0 | ||
| 010 | _aA-167931 | ||
| 020 |
_c00.00 _a817534380 |
||
| 035 | _aA-167931 | ||
| 037 | _bCen Lib/Ret | ||
| 040 |
_aDPL _bEN |
||
| 082 |
_a346.04344 _bDIA |
||
| 100 |
_aDial, Rameshwar _915225 |
||
| 245 |
_aLaw of rent control in Delhi / _cby Rameshwar Dial [and] Adarsh B. Dial |
||
| 250 | _a2nd ed | ||
| 260 |
_a Delhi _bUniversal Law Publishing _c1992 |
||
| 270 |
_aC-FF-1A, Ansal,s Dilkhush Industrial Estate G.T. Karnal Road _b Delhi _e110033 |
||
| 300 |
_acxxxii,916p. _c24cm(Hb) |
||
| 500 | _aIncludes index | ||
| 650 |
_aRent control _9143070 |
||
| 650 |
_aDelhi (India) _98261 |
||
| 700 |
_aDial, Adarsh B. _93012 |
||
| 942 |
_2ddc _cEN _h346.04344 _mDIA |
||
| 999 |
_c134595 _d134595 |
||